000 00646nam a22001937a 4500
005 20180906105752.0
010 _aENG-123969
020 _c695.00
_a9788178245331
035 _aEN-107501
037 _bDBAD/PUB
082 _a954.092
100 _aSrinivasan, Vasanthi
245 _aGandhi's conscience keeper:
_cby Vasanthi Srinivasan
_bc.rajagopalachari and indian politics /
260 _bPermanent Black
_aRanikhet
_c2018
270 _a'Himalayan', Mall Road, Ranikhet cantt,
_bRanikhet
_e263645
300 _axvi,278p
_c21cm.(Pbk.)
500 _aIt includes index and bibliography
942 _2ddc
_cEN
_mSRI
_h954.092
999 _c156986
_d156986